<?xml version="1.0" encoding="UTF-8"?>
<record
    xmlns:xsi="http://www.w3.org/2001/XMLSchema-instance"
    xsi:schemaLocation="http://www.loc.gov/MARC21/slim http://www.loc.gov/standards/marcxml/schema/MARC21slim.xsd"
    xmlns="http://www.loc.gov/MARC21/slim">

  <leader>02245nab a2200241 ab4500</leader>
  <controlfield tag="005">20260428110529.0</controlfield>
  <controlfield tag="008">260428c2025    ck|fr|p|o|||| 00| 0 spa d</controlfield>
  <datafield tag="040" ind1=" " ind2=" ">
    <subfield code="a">MX-MxUPN</subfield>
    <subfield code="b">spa</subfield>
    <subfield code="c">MX-MxUPN</subfield>
    <subfield code="e">aacr2</subfield>
  </datafield>
  <datafield tag="100" ind1="1" ind2=" ">
    <subfield code="a">Bogoya Caviedes, Giovanny Eduardo </subfield>
    <subfield code="9">59406</subfield>
  </datafield>
  <datafield tag="100" ind1="1" ind2=" ">
    <subfield code="a">Prado Delgado, V&#xED;ctor Manuel </subfield>
    <subfield code="9">59407</subfield>
  </datafield>
  <datafield tag="245" ind1="1" ind2=" ">
    <subfield code="a">Aprendizaje de las ciencias sociales en contextos rurales: una revisi&#xF3;n de la literatura</subfield>
    <subfield code="h">[recurso electr&#xF3;nico en l&#xED;nea]</subfield>
  </datafield>
  <datafield tag="506" ind1="0" ind2=" ">
    <subfield code="a">Acceso abierto</subfield>
  </datafield>
  <datafield tag="520" ind1="3" ind2=" ">
    <subfield code="a">Este art&#xED;culo presenta una revisi&#xF3;n sistem&#xE1;tica de la literatura sobre el aprendizaje de las ciencias sociales en contextos rurales, con el objetivo de identificar metodolog&#xED;as de aprendizaje, las din&#xE1;micas sociales y los niveles educativos abordados en las investigaciones. La b&#xFA;squeda se limit&#xF3; a art&#xED;culos publicados entre 2015 y 2025 en las bases de datos: Scopus, ERIC, Redalyc y Scielo. Siguiendo el modelo PRISMA, se identificaron 257 documentos, de los cuales 30 fueron seleccionados para su an&#xE1;lisis.  Los hallazgos se&#xF1;alan el predominio de metodolog&#xED;as como el aprendizaje colaborativo, el aprendizaje basado en el lugar y el aprendizaje situado, que se adaptan a los contextos rurales, aunque con limitaciones por la falta de recursos y apoyo institucional. En cuanto al contexto social, los factores sociopol&#xED;ticos y culturales influyen en el aprendizaje, con un &#xE9;nfasis especial en la identidad rural y la vulnerabilidad de las comunidades. Asimismo, la mayor&#xED;a de estudios se concentran en la educaci&#xF3;n b&#xE1;sica y media, mientras que las investigaciones a nivel universitario son escasos. Se recomiendan estudios prolongados para evaluar el impacto de las metodolog&#xED;as activas, una mayor exploraci&#xF3;n de la educaci&#xF3;n superior rural y el an&#xE1;lisis del uso de tecnolog&#xED;as en estos entornos.</subfield>
  </datafield>
  <datafield tag="650" ind1=" " ind2="4">
    <subfield code="a">Ciencias sociales</subfield>
    <subfield code="9">9133</subfield>
  </datafield>
  <datafield tag="650" ind1=" " ind2="4">
    <subfield code="a">Educaci&#xF3;n rural</subfield>
    <subfield code="9">9764</subfield>
  </datafield>
  <datafield tag="650" ind1=" " ind2="4">
    <subfield code="a">Metodolog&#xED;a</subfield>
    <subfield code="9">6963</subfield>
  </datafield>
  <datafield tag="653" ind1=" " ind2=" ">
    <subfield code="a">Revisi&#xF3;n sistem&#xE1;tica</subfield>
  </datafield>
  <datafield tag="773" ind1=" " ind2=" ">
    <subfield code="g">Vol. 27 N&#xFA;m. 2 (2025), p. 29&#x2013;40.</subfield>
    <subfield code="t">Horizontes pedag&#xF3;gicos</subfield>
    <subfield code="x">2500-705X</subfield>
  </datafield>
  <datafield tag="856" ind1="4" ind2=" ">
    <subfield code="u">https://horizontespedagogicos.ibero.edu.co/article/view/3318</subfield>
  </datafield>
  <datafield tag="856" ind1="4" ind2=" ">
    <subfield code="u">https://doi.org/10.33881/0123-8264.hop.27203</subfield>
  </datafield>
  <datafield tag="902" ind1=" " ind2=" ">
    <subfield code="a">Gloria Jim&#xE9;nez/280426</subfield>
  </datafield>
  <datafield tag="942" ind1=" " ind2=" ">
    <subfield code="c">ART-E</subfield>
  </datafield>
  <datafield tag="952" ind1=" " ind2=" ">
    <subfield code="0">0</subfield>
    <subfield code="1">0</subfield>
    <subfield code="4">0</subfield>
    <subfield code="7">0</subfield>
    <subfield code="8">CAA</subfield>
    <subfield code="a">BCUPN50</subfield>
    <subfield code="b">BCUPN50</subfield>
    <subfield code="c">ENL</subfield>
    <subfield code="d">2026-04-28</subfield>
    <subfield code="l">0</subfield>
    <subfield code="r">2026-04-28 10:50:53</subfield>
    <subfield code="u">https://horizontespedagogicos.ibero.edu.co/article/view/3318</subfield>
    <subfield code="w">2026-04-28</subfield>
    <subfield code="y">ART-E</subfield>
  </datafield>
  <datafield tag="999" ind1=" " ind2=" ">
    <subfield code="c">215015</subfield>
    <subfield code="d">215015</subfield>
  </datafield>
</record>
